000 nam a22 4500
999 _c9273
_d9273
008 180426b ||||| |||| 00| 0 eng d
020 _a978-1-292-14694-2
082 _22017
_aDC 658
_bR534
100 _927622
_aRobbins, Stephen P.
245 _aFundamentals of management:
_bmanagement myths debunked!.
_cStephen P Robbins; Mary K Coulter; David A DeCenzo
250 _aTenth Edition
260 _aBoston :
_bPearson Education Ltd,
_c©2017.
300 _a528 pages :
_bcolor illustrations ;
_c27cm
500 _aIncludes glossary and index.
650 0 _927626
_aManagement
700 _927627
_aCoulter, Mary K.
700 _927628
_aDeCenzo, David A .
365 _b4,200.00
_cPhp
942 _2ddc
_cDC